Statistics for NFL Teams that have never won a Superbowl

Click here to take the quiz!

General Stats

  • This quiz has been taken 272 times
  • The average score is 10 of 12

Answer Stats

RecordAnswer% Correct
0-4Minnesota Vikings
96%
0-4Buffalo Bills
94%
0-0Cleveland Browns
93%
0-2Cincinnati Bengals
91%
0-1Arizona Cardinals
88%
0-0Jacksonville Jaguars
87%
0-1Tennessee Titans
87%
0-2Carolina Panthers
86%
0-0Detroit Lions
86%
0-0Houston Texans
83%
0-1Los Angeles Chargers
81%
0-2Atlanta Falcons
74%

Score Distribution

Percentile by Number Answered

Percent of People with Each Score

Your Score History

You have not taken this quiz